000 03784nam a22004575a 4500
005 20090804144931.0
008 090319s2009 ii g 000 0deng
010 _aENG-94649
020 _a9780195698930
_c395.00
020 _a0195698932
_c395.00
035 _aEN-78182
035 _aB-360812-820
037 _aDBAD / PUB
037 _aUppal Book Store
040 _adpl
_bEnglish
082 _a150.195092
100 _aKakar, Sudhir
_928854
245 _aIndia analysed /
_cby Sudhir Kakar in conversation with Ramin Jahanbeglo
260 _aNew Delhi
_bOxford University Press
_c2009
270 _aYMCA Library Building, Jai Singh Road,
_bNew Delhi
_e110001
300 _axvi, 90 p.
_c22cm(Hb)
600 _aKakar, Sudhir
_vInterviews.
_928855
650 _aPsychoanalysts
_zIndia
_vInterviews.
_928856
651 _aSocial psychology
_zIndia
_vMiscellanea.
_928857
700 _aJahanbegloo, Ramin
_928858
942 _2ddc
_cEN
_h150.195092
_mKAK
999 _c28909
_d28909